00340nam a2200109Ia 4500008004100000082000800041100001900049245004600068942000600114952009500120999001500215240331s9999 xx 000 0 und d bNEW aMcHenry, R. ed 4aThe new encyclopaediaBritannica :bvol. 2 cL 001040708LaWERCLbWERCLcSSCd2024-03-31l0o 030 NEWp1232r2024-03-31w2024-03-31yL c3273d3273